The Spanish Flu… or JetPunk - Statistics

General Stats
  • This quiz has been taken 58 times
  • The average score is 8 of 15
Answer Stats
Question Answer % Correct
Started during World War I Spanish Flu
100%
Has the higher survival rate JetPunk
73%
Reached about a third of the world's population Spanish Flu
73%
Nicknamed "La Grippe" by the French Spanish Flu
73%
Negative correlation to workplace efficiency Both
64%
Spread facilitated by globalization Both
64%
Associated with fish JetPunk
64%
First documented in the United States Both
55%
Was viral in France Both
55%
Never permitted in American Samoa Spanish Flu
55%
Sudden death is a feature Both
45%
Can cause erudition JetPunk
45%
Biggest in English and French speaking countries JetPunk
27%
Showed sustained growth in the '20s JetPunk
18%
Not very impactful on remote indigenous peoples JetPunk
9%
No matching quizzes found
Score Distribution
Percent of People with Each Score
Percentile by Number Answered
Your Score History
You have not taken this quiz